| Поле | Название | Значение |
| |
Тип записи |
a |
| |
Библиографический уровень |
m |
| 001 |
Контрольный номер |
RU/CBS_UL/BASE/5c1c8e0d0285427498a398f3733d5ebd |
| 005 |
Дата корректировки |
20260420085204.4 |
| 010 |
Индекс ISBN |
__ |
| a |
ISBN |
978-5-389-16998-2 |
| b |
Уточнения |
в пер. |
| d |
Цена |
79 р. 20 к. |
| 9 |
Тираж |
6 000 экз. |
| 100 |
Данные общей обработки |
__ |
| a |
Данные общей обработки |
20121211d2012 ||| 0rusy0189 ca |
| 101 |
Язык документа |
0_ |
| a |
Язык текста |
rus |
| 102 |
Страна публикации |
__ |
| a |
Страна публикации |
RU |
| 200 |
Заглавие и сведения об ответственности |
1_ |
| a |
Заглавие |
Маугли |
| e |
Сведения, относящиеся к заглавию |
повесть-сказка |
| f |
Первые сведения об ответственности |
Р. Д. Киплинг |
| g |
Последующие сведения об ответственности |
пер. с англ. Н. Л. Дарузес |
| g |
Последующие сведения об ответственности |
вступ. ст. Н. Дровалёвой |
| g |
Последующие сведения об ответственности |
худож. П. Репринцев |
| 210 |
Выходные данные |
1_ |
| a |
Место издания |
Москва |
| c |
Издательство |
Махаон |
| c |
Издательство |
Азбука-Аттикус |
| d |
Дата издания |
2025 |
| 215 |
Физическое описание |
__ |
| a |
Объем |
221, [2] с. |
| c |
Иллюстрации/тип воспроизводства |
ил. |
| d |
Формат |
21,5 см. |
| 225 |
Серия |
0_ |
| a |
Серия |
Чтение - лучшее учение |
| 300 |
Общие примечания |
__ |
| a |
Общие примечания |
0+ |
| 606 |
Тематические рубрики |
0_ |
| a |
Основная рубрика |
Английская детская литература, 19-20 вв. - Сказки |
| 610 |
Ключевые слова |
0_ |
| a |
Ключевые слова |
литература английская |
| a |
Ключевые слова |
сказки зарубежных писателей |
| a |
Ключевые слова |
внеклассное чтение |
| a |
Ключевые слова |
джунгли |
| a |
Ключевые слова |
звери |
| a |
Ключевые слова |
приключения |
| a |
Ключевые слова |
дружба |
| 686 |
Индексы других классификаций |
__ |
| a |
Классификационный индекс |
84(4Вел) |
| 2 |
Код системы |
ББК |
| 700 |
Автор |
_1 |
| a |
Фамилия |
Киплинг |
| b |
Имя (инициалы) |
Р. Д. |
| g |
Полное личное имя |
Редьярд Джозеф |
| 801 |
Источник записи |
_0 |
| a |
Страна |
RU |
| b |
Организация |
МБУК ЦБС г. Ульяновска |
| c |
Дата составления |
20121211 |
| g |
Правила каталогизации |
RCR |
| 801 |
Источник записи |
_1 |
| a |
Страна |
RU |
| b |
Организация |
МБУК ЦБС г. Ульяновска |
| c |
Дата составления |
20121211 |
| g |
Правила каталогизации |
RCR |
| 852 |
Данные о местонахождении |
__ |
| i |
Авторский знак |
К 42 |
| j |
Шифр хранения |
И(Англ) |
| 900 |
Электронные ресурсы |
__ |
| a |
Имя электронного ресурса |
маугли 2021 |
| 901 |
Тип документа |
__ |
| t |
Тип документа |
m |